书目信息 |
| 题名: |
Oracle Database 10g SQL开发指南
|
|
| 作者: | 普里斯, , Price, 著 ;冯锐 , 由渊霞 译 | |
| 分册: | ||
| 出版信息: | 北京 清华大学出版社 2005.5 |
|
| 页数: | XX,480页 | |
| 开本: | 26cm | |
| 丛书名: | ||
| 单 册: | ||
| 中图分类: | TP311.138OR | |
| 科图分类: | ||
| 主题词: | 关系型数据库--guan xi xing shu ju ku--数据库管理系统 , 数据库管理系统--shu ju ku guan li xi tong | |
| 电子资源: | ||
| ISBN: | 7-302-10487-5 | |
| 000 | 01503nam0 2200373 450 | |
| 000 | 01522nam0 2200373 450 | |
| 000 | 01485nam0 2200361 450 | |
| 000 | 01442nam0 2200349 450 | |
| 000 | 01431nam0 2200349 450 | |
| 000 | 01394nam0 2200337 45 | |
| 001 | 012005000000 | |
| 005 | 20051214093907.40 | |
| 010 | @a7-302-10487-5@dCNY59.80 | |
| 100 | @a20051107d2005 em y0chiy0121 ea | |
| 101 | 1 | @achi@ceng |
| 102 | @aCN@b110000 | |
| 105 | @ay z 000yy | |
| 200 | 1 | @aOracle Database 10g SQL开发指南@AOracle Database 10g SQL kai fa zhi nan@d= Oracle Database 10g SQL Master SQL and PL/SQL@f(美)普里斯[Jason Price]著@g冯锐,由渊霞译@zeng |
| 210 | @a北京@c清华大学出版社@d2005.5 | |
| 215 | @aXX,480页@d26cm | |
| 304 | @a书名原文:Oracle Database 10g SQL Master SQL and PL/SQL | |
| 305 | @a由美国麦格劳-希尔教育出版(亚洲)公司授权出版 | |
| 330 | @a本书全面深入地论述了如何使用结构化查询语言(SQL)语句来访问Oracle数据库,以及使用PL/SQL(Procedure Language/AQL)来编写包含SQL语句的程序。 | |
| 510 | 1 | @aOracle Database 10g SQL Master SQL and PL/SQL@zeng |
| 606 | 0 | @a关系型数据库@Aguan xi xing shu ju ku@x数据库管理系统 |
| 606 | 0 | @a数据库管理系统@Ashu ju ku guan li xi tong |
| 610 | 0 | @aOracle |
| 690 | @aTP311.138OR@v4 | |
| 701 | 1 | @c(美)@a普里斯,@Apu li si@bJ.@g(Price, Jason)@4著 |
| 701 | 1 | @c(美)@aPrice,@bJ.@g(Price, Jason)@4著 |
| 702 | 0 | @a冯锐@Afeng rui@4译 |
| 702 | 0 | @a由渊霞@Ayou yuan xia@4译 |
| 801 | 0 | @aCN@bSRXX@c20051214 |
| 905 | @a10447@dTP311.138OR@eP900 | |
| Oracle Database 10g SQL开发指南= Oracle Database 10g SQL Master SQL and PL/SQL/(美)普里斯[Jason Price]著/冯锐,由渊霞译.-北京:清华大学出版社,2005.5 |
| XX,480页;26cm |
| ISBN 7-302-10487-5:CNY59.80 |
| 本书全面深入地论述了如何使用结构化查询语言(SQL)语句来访问Oracle数据库,以及使用PL/SQL(Procedure Language/AQL)来编写包含SQL语句的程序。 |
| ● |
| 相关链接 |
|
|
|
正题名:Oracle Database 10g SQL开发指南
索取号:TP311.138OR/P900
 
预约/预借
| 序号 | 登录号 | 条形码 | 馆藏地/架位号 | 状态 | 备注 |
| 1 | 547697 | 205476974 | 自科二线400A/400A自科库 2排2列3层/ [索取号:TP311.138OR/P900] | 在馆 | |
| 2 | 547698 | 205476983 | 期刊室512/301自科库 42排3列2层/ [索取号:TP311.138OR/P900] | 在馆 | |
| 3 | 547699 | 205476992 | 自科库301/301自科库 49排2列5层/ [索取号:TP311.138OR/P900] | 在馆 |